|
|
|
|
| LEADER |
01312nam2a22003015004500 |
| 001 |
4435519 |
| 008 |
090511r20001997nyua0010engd |
| 010 |
|
|
|a 94047293
|
| 020 |
|
|
|a 0585272212 (electronic bk.)
|
| 020 |
|
|
|a 0070189994
|
| 020 |
|
|
|a 0074635913
|
| 040 |
|
|
|a DLC
|c DLC
|d DLC
|
| 082 |
0 |
0 |
|a 621.3815
|2 20
|
| 100 |
1 |
|
|a Edminister, Joseph A.
|
| 245 |
1 |
0 |
|a Schaum's outline of theory and problems of electric circuits /
|c Joseph A. Edminister, Mahmood Nahvi.
|
| 246 |
3 |
|
|a Theory and problems of electric circuits
|
| 250 |
|
|
|a 3rd ed.
|
| 260 |
|
|
|a New Delhi
|b Tata McGraw-Hill ;
|a New York
|b McGraw-Hill,
|c c1997 (reprinted 2001).
|
| 300 |
|
|
|a x, 468 p.
|b ill. ;
|c 28 cm.
|
| 490 |
0 |
|
|a Schaum's outline series
|
| 500 |
|
|
|a Includes index.
|
| 541 |
1 |
|
|e 00012617.
|
| 650 |
0 |
|
|a Electric circuits
|x Problems, exercises, etc.
|
| 700 |
1 |
|
|a Nahvi, Mahmood.
|
| 852 |
4 |
|
|a Ayesha Abed Library
|j Generalshelf
|
| 999 |
|
|
|c 559
|d 559
|
| 952 |
|
|
|0 0
|1 0
|2 ddc
|4 0
|6 621_381500000000000_EDM
|7 0
|9 508
|a BRACUL
|b BRACUL
|c GEN
|d 2009-05-11
|g 0.00
|l 4
|m 14
|o 621.3815 EDM
|p 3010012617
|r 2015-04-16
|s 2015-04-05
|t 1
|w 2009-05-11
|y BK
|x No price found in the accession register.
|
| 952 |
|
|
|0 0
|1 0
|2 ddc
|4 0
|6 621_381500000000000_EDM_2000
|7 0
|9 11080
|a BRACUL
|b BRACUL
|c GEN
|d 2010-06-17
|l 11
|m 65
|o 621.3815 EDM
|p 3010011600
|r 2016-05-08
|s 2016-01-28
|t 2
|w 2010-06-17
|y BK
|